Komunální podniky jejich zřízení, organisace a provoz
Enregistré dans:
| Format: | Livre |
|---|---|
| Langue: | tchèque |
| Publié: |
Praha
Ministerstvo vnitra
[s.a.]
|
| Tags: |
Pas de tags, Soyez le premier à ajouter un tag!
|
MARC
| LEADER | 00000nam a2200000 4500 | ||
|---|---|---|---|
| 001 | 0311910 | ||
| 005 | 20250820100408.2 | ||
| 041 | 0 | |a cze | |
| 044 | |a CZ | ||
| 245 | 1 | 0 | |a Komunální podniky |b jejich zřízení, organisace a provoz |c D. Palečková |
| 264 | 1 | |a Praha |b Ministerstvo vnitra |c [s.a.] | |